000 01037nac a22002891i 4500
003 EG-ScBUE
005 20241021094319.0
008 241021t2000 flua f b 001 0 eng d
020 _a0849371694 (alk. paper)
020 _a9780849371691
040 _aEG-ScBUE
_beng
_erda
_cEG-ScBUE
_dEG-ScBUE
082 0 4 _a515.7
_bPED
_222
100 1 _aPedersen, Michael,
_eauthor.
245 1 0 _aFunctional analysis in applied mathematics and engineering /
_cMichael Pedersen.
264 1 _aBoca Raton, Flurida :
_bChapman & Hall/CRC Press,
_c[2000]
264 4 _cc2000
300 _a298 pages :
_billustrations ;
_c24 cm.
336 _2rdacontent
_atext
_btxt
337 _aunmediated
_2rdamedia
_bn
338 _avolume
_bnc
_2rdacarrier
490 0 _aStudies in advanced mathematics
504 _aIncludes bibliographical references and index.
650 7 _aFunctional analysis.
_2BUEsh
655 _vReading book
856 4 2 _3Publisher description
_uhttp://www.loc.gov/catdir/enhancements/fy0646/99037641-d.html
942 _cBB
_2ddc
999 _c3814
_d3814